| 000 | 00414nam a2200145Ia 4500 | ||
|---|---|---|---|
| 008 | 230411s9999 xx 000 0 und d | ||
| 020 | _a978-81-239-1744-3 | ||
| 041 | _aeng | ||
| 082 | _aPS/610.7368/KET/WOO/B05738 | ||
| 100 |
_aKettles A & Woods P _9178698 |
||
| 245 | _aForensic Mental Health Nursing | ||
| 260 |
_bCBS Publishers & Distributors _aNew Delhi _c2009 |
||
| 300 | _a354p | ||
| 999 |
_c156229 _d156229 |
||